000 00396nam a2200157 i 4500
001 50719
003 ES-MaACL
005 20230906162227.0
007 t|
008 030806s1935 dr ||||1| spa d
100 1 _aCuello, Julio A.
_941985
245 1 3 _aLa parĂ¡bola trunca /
_cJulio A. Cuello.
260 _aSanto Domingo :
_bCambier,
_c1935.
300 _a37 p.
852 _aES-MaACL
_j1827-F-5
999 _c50719
_d50719